[Event "Lazy Baltic Pearl IM 17th"]
[Site "Lazy"]
[Date "2021.07.06"]
[Round "9"]
[White "Golubka, Petro"]
[Black "Dubinski, Mateusz"]
[Result "1-0"]
[WhiteElo "2441"]
[BlackElo "2312"]
[WhiteFideId "-1"]
[BlackFideId "-1"]
[PlyCount "71"]
[GameId "1669474865733632"]
[EventDate "2021.06.27"]
[EventType "tourn"]
[EventRounds "9"]
[EventCountry "POL"]
[EventCategory "2"]
[SourceTitle "CBM 203 Extra"]
[Source "ChessBase"]
[SourceDate "2021.09.30"]
[SourceVersion "1"]
[SourceVersionDate "2021.09.30"]
[SourceQuality "1"]

1. d4 d5 2. Bf4 Nf6 3. Nf3 c5 4. e3 Nc6 5. c3 Qb6 6. Qc2 Bg4 7. Nbd2 e6 8. a4 Be7 9. a5 Nxa5 10. dxc5 Qd8 11. Bb5+ Kf8 12. Qa4 Nc4 13. Nxc4 dxc4 14. Rd1 Qc8 15. c6 h6 16. cxb7 Qxb7 17. Bc6 Qc8 18. O-O Nd5 19. Bxa8 Qxa8 20. Qxc4 Bxf3 21. gxf3 f6 22. Bg3 Kf7 23. Qe2 h5 24. e4 Nb6 25. h4 g5 26. hxg5 h4 27. Bh2 Rg8 28. Kh1 fxg5 29. Rg1 Qc6 30. Rg4 Nd7 31. e5 Nb6 32. Kg1 a5 33. f4 gxf4 34. Rxg8 f3 35. Qd3 Kxg8 36. Qg6+ 1-0

[Event "Malopolska-ch"]
[Site "Krakow POL"]
[Date "2021.06.03"]
[Round "1.3"]
[White "Golubka, Petro"]
[Black "Szczurek, Krzysztof"]
[Result "1-0"]
[WhiteElo "2441"]
[BlackElo "2151"]
[WhiteFideId "-1"]
[BlackFideId "-1"]
[PlyCount "95"]
[GameId "2130307586741029"]
[EventDate "2021.06.03"]
[EventType "swiss"]
[EventRounds "7"]
[EventCountry "POL"]
[SourceTitle "10 Days #653"]
[Source "ChessMix"]
[SourceDate "2021.06.10"]
[SourceVersion "1"]
[SourceVersionDate "2021.06.10"]
[SourceQuality "1"]

1. e4 c5 2. g3 d5 3. d3 dxe4 4. dxe4 Qxd1+ 5. Kxd1 Bd7 6. Be3 e6 7. Nd2 Nf6 8. f3 Nc6 9. c3 b6 10. Be2 g6 11. Nh3 Bg7 12. Nf2 O-O 13. a4 Rfd8 14. Kc2 Rac8 15. Nc4 Ne8 16. Bg5 f6 17. Be3 e5 18. Rhd1 Be6 19. Rxd8 Rxd8 20. a5 b5 21. Na3 a6 22. Nxb5 axb5 23. Bxb5 Na7 24. Ba6 Bf8 25. Nd3 Nc7 26. Bb7 Bb3+ 27. Kxb3 Rxd3 28. Bg1 Rd2 29. a6 Kg7 30. f4 Ncb5 31. fxe5 fxe5 32. Bd5 Nc7 33. Bc4 Rd7 34. Be3 Ne8 35. Bd5 Rc7 36. c4 Be7 37. Kc2 Nf6 38. Bb7 Ne8 39. Ra5 Kf6 40. b4 Nd6 41. Rxc5 Rxc5 42. Bxc5 Ndc8 43. Bxe7+ Kxe7 44. c5 Kd7 45. Kb3 Ne7 46. Kc4 Nec6 47. b5 Na5+ 48. Kb4 1-0

[Event "Malopolska-ch"]
[Site "Krakow POL"]
[Date "2021.06.03"]
[Round "2.2"]
[White "Klepek, Witold"]
[Black "Golubka, Petro"]
[Result "1/2-1/2"]
[WhiteElo "2208"]
[BlackElo "2441"]
[WhiteFideId "-1"]
[BlackFideId "-1"]
[PlyCount "61"]
[GameId "2130307586745145"]
[EventDate "2021.06.03"]
[EventType "swiss"]
[EventRounds "7"]
[EventCountry "POL"]
[SourceTitle "10 Days #653"]
[Source "ChessMix"]
[SourceDate "2021.06.10"]
[SourceVersion "1"]
[SourceVersionDate "2021.06.10"]
[SourceQuality "1"]

1. e4 Nf6 2. e5 Nd5 3. d4 d6 4. c4 Nb6 5. exd6 exd6 6. Nc3 Be7 7. Be3 O-O 8. Bd3 Nc6 9. h3 Nb4 10. Nf3 f5 11. g3 d5 12. c5 Nc4 13. Bxc4 dxc4 14. Ne5 f4 15. Bxf4 Qxd4 16. Qxd4 Nc2+ 17. Kf1 Nxd4 18. Nd5 Bd8 19. Nxc4 g5 20. Be5 Ne6 21. Kg2 a5 22. Rhd1 Ra6 23. Rac1 Rf7 24. Nce3 h5 25. f4 gxf4 26. gxf4 Kh7 27. Rc4 Bd7 28. Kh2 Rc6 29. Rdc1 Ng7 30. Rg1 h4 31. Bc3 1/2-1/2

[Event "Malopolska-ch"]
[Site "Krakow POL"]
[Date "2021.06.04"]
[Round "3.3"]
[White "Golubka, Petro"]
[Black "Gahan, MG."]
[Result "1-0"]
[WhiteElo "2441"]
[BlackElo "2265"]
[WhiteFideId "-1"]
[BlackFideId "-1"]
[PlyCount "89"]
[GameId "2130307586745167"]
[EventDate "2021.06.03"]
[EventType "swiss"]
[EventRounds "7"]
[EventCountry "POL"]
[SourceTitle "10 Days #653"]
[Source "ChessMix"]
[SourceDate "2021.06.10"]
[SourceVersion "1"]
[SourceVersionDate "2021.06.10"]
[SourceQuality "1"]

1. b3 e5 2. Bb2 Nc6 3. c4 g6 4. g3 d5 5. cxd5 Qxd5 6. Nf3 Bg7 7. Bg2 Nge7 8. O-O Qa5 9. Na3 Bg4 10. Nc4 Qa6 11. d3 Bxf3 12. Bxf3 O-O 13. Bg2 Rad8 14. a3 Rfe8 15. Rc1 Nf5 16. e3 b5 17. Nd2 Nb8 18. Ne4 Qb6 19. Qc2 c6 20. Rfd1 h5 21. h4 a5 22. Bh3 Ne7 23. Qe2 Na6 24. Ng5 c5 25. Qf3 Rf8 26. Ba1 f5 27. Qe2 Bf6 28. e4 Bxg5 29. hxg5 Qd6 30. exf5 Nxf5 31. Qxe5 Qxe5 32. Bxe5 Nd4 33. Kg2 Rd5 34. Bf6 Re8 35. Re1 Rxe1 36. Rxe1 Kf8 37. Re7 Nb8 38. Rg7 Nbc6 39. Rxg6 Ne7 40. Rh6 Ng8 41. Rh8 Kf7 42. Rh7+ Kf8 43. Bg7+ Ke8 44. Bxd4 Rxd4 45. Be6 1-0

[Event "Malopolska-ch"]
[Site "Krakow POL"]
[Date "2021.06.04"]
[Round "4.2"]
[White "Mis, Mieszko"]
[Black "Golubka, Petro"]
[Result "1/2-1/2"]
[WhiteElo "2336"]
[BlackElo "2441"]
[WhiteFideId "-1"]
[BlackFideId "-1"]
[PlyCount "97"]
[GameId "2130307586745187"]
[EventDate "2021.06.03"]
[EventType "swiss"]
[EventRounds "7"]
[EventCountry "POL"]
[SourceTitle "10 Days #653"]
[Source "ChessMix"]
[SourceDate "2021.06.10"]
[SourceVersion "1"]
[SourceVersionDate "2021.06.10"]
[SourceQuality "1"]

1. d4 c6 2. c4 d5 3. Nc3 e6 4. e3 f5 5. g4 fxg4 6. Qxg4 Nf6 7. Qg3 Bd6 8. f4 c5 9. Nf3 Nc6 10. Qxg7 Rg8 11. Qh6 Nb4 12. Rb1 cxd4 13. exd4 Rg6 14. Qh4 Rg4 15. Qf2 Bd7 16. a3 Nc6 17. Bh3 Rg6 18. c5 Be7 19. Be3 Ne4 20. Qe2 Qa5 21. Bd2 Nxd2 22. Qxd2 O-O-O 23. Ne2 Rh6 24. Bg2 Rg8 25. Qxa5 Nxa5 26. O-O Nc4 27. Ng3 Rf6 28. Rbe1 Nxb2 29. Ne5 Bb5 30. Rf2 Nd3 31. Nxd3 Bxd3 32. Re3 Bf5 33. Kf1 Bg4 34. f5 Rgf8 35. Rxe6 Rxe6 36. fxe6 Rxf2+ 37. Kxf2 Bxe6 38. Ne2 Bh4+ 39. Ke3 Bg5+ 40. Kd3 b6 41. cxb6 axb6 42. Nc3 Bf5+ 43. Ke2 Be7 44. Nxd5 Bxa3 45. Nxb6+ Kd8 46. Nc4 Bc1 47. Nd6 Be6 48. Ne4 Bf4 49. Ng3 1/2-1/2

[Event "Malopolska-ch"]
[Site "Krakow POL"]
[Date "2021.06.05"]
[Round "5.2"]
[White "Golubka, Petro"]
[Black "Paszewski, Mateusz"]
[Result "1-0"]
[WhiteElo "2441"]
[BlackElo "2287"]
[WhiteFideId "-1"]
[BlackFideId "-1"]
[PlyCount "59"]
[GameId "2130307586745208"]
[EventDate "2021.06.03"]
[EventType "swiss"]
[EventRounds "7"]
[EventCountry "POL"]
[SourceTitle "10 Days #653"]
[Source "ChessMix"]
[SourceDate "2021.06.10"]
[SourceVersion "1"]
[SourceVersionDate "2021.06.10"]
[SourceQuality "1"]

1. d4 d5 2. c4 c6 3. Nc3 Nf6 4. Nf3 e6 5. e3 Nbd7 6. Qc2 Bd6 7. g4 h6 8. Rg1 e5 9. h4 e4 10. Nd2 g5 11. h5 Nf8 12. b3 a6 13. Be2 Be6 14. Bb2 N8d7 15. O-O-O Rc8 16. f3 exf3 17. Bxf3 O-O 18. e4 dxe4 19. Ndxe4 Bf4+ 20. Kb1 Nxe4 21. Bxe4 Nf6 22. d5 cxd5 23. Nxd5 Bxd5 24. Rxd5 Qe7 25. Re1 Nxe4 26. Rxe4 Qc7 27. Re6 f6 28. Bxf6 Qh7 29. Qxh7+ Kxh7 30. Rd7+ 1-0

[Event "Malopolska-ch"]
[Site "Krakow POL"]
[Date "2021.06.05"]
[Round "6.1"]
[White "Golubka, Petro"]
[Black "Solodovnichenko, Yuri"]
[Result "0-1"]
[WhiteElo "2441"]
[BlackElo "2546"]
[WhiteFideId "-1"]
[BlackFideId "-1"]
[PlyCount "96"]
[GameId "2130307586749324"]
[EventDate "2021.06.03"]
[EventType "swiss"]
[EventRounds "7"]
[EventCountry "POL"]
[SourceTitle "10 Days #653"]
[Source "ChessMix"]
[SourceDate "2021.06.10"]
[SourceVersion "1"]
[SourceVersionDate "2021.06.10"]
[SourceQuality "1"]

1. e4 c5 2. Nf3 d6 3. d4 Nf6 4. Nc3 cxd4 5. Nxd4 e6 6. h4 Nc6 7. h5 h6 8. Be3 a6 9. Be2 Be7 10. Qd2 Nxd4 11. Bxd4 e5 12. Be3 Be6 13. f4 b5 14. f5 Bd7 15. Bf3 Bc6 16. O-O-O b4 17. Nd5 Bxd5 18. exd5 a5 19. Kb1 Nd7 20. Qd3 Bg5 21. Bf2 O-O 22. Rhe1 Nf6 23. Be3 Bxe3 24. Qxe3 Rc8 25. g4 Nh7 26. Be2 Rc5 27. c4 bxc3 28. bxc3 Nf6 29. c4 Nd7 30. Rc1 Qf6 31. Rc2 Nb6 32. Qb3 Rb8 33. Rb2 Rcc8 34. Rc1 e4 35. Rcc2 Qd4 36. Rd2 Qe5 37. Rdc2 Qd4 38. Rd2 Qg1+ 39. Rd1 Qf2 40. Bf1 Qf4 41. Be2 Qe5 42. Rc1 Kh7 43. c5 Nxd5 44. Bb5 Rxc5 45. Rxc5 dxc5 46. a4 e3 47. f6 Kg8 48. Kc1 Nc3 0-1

[Event "Malopolska-ch"]
[Site "Krakow POL"]
[Date "2021.06.06"]
[Round "7.3"]
[White "Zylka, Stanislaw"]
[Black "Golubka, Petro"]
[Result "0-1"]
[WhiteElo "2377"]
[BlackElo "2441"]
[WhiteFideId "-1"]
[BlackFideId "-1"]
[PlyCount "62"]
[GameId "2130307586749347"]
[EventDate "2021.06.03"]
[EventType "swiss"]
[EventRounds "7"]
[EventCountry "POL"]
[SourceTitle "10 Days #653"]
[Source "ChessMix"]
[SourceDate "2021.06.10"]
[SourceVersion "1"]
[SourceVersionDate "2021.06.10"]
[SourceQuality "1"]

1. d4 g6 2. e4 Bg7 3. Nc3 c6 4. h3 b5 5. Be3 d6 6. Nf3 Bb7 7. Be2 Nd7 8. O-O a6 9. Qd2 Qc7 10. Rad1 Ngf6 11. Bh6 O-O 12. Bxg7 Kxg7 13. Qe3 b4 14. Nb1 c5 15. Nbd2 cxd4 16. Qxd4 a5 17. Rfe1 e5 18. Qc4 Nc5 19. a3 bxa3 20. bxa3 Bxe4 21. Nxe4 Nfxe4 22. Bf1 f5 23. g3 Qa7 24. Bg2 Rac8 25. Kh2 Nd7 26. Rxe4 fxe4 27. Qxe4 Rf6 28. Qh4 Nc5 29. Qg4 Rcf8 30. h4 h5 31. Qg5 Ne4 0-1

[Event "Limba Festival"]
[Site "Poronin POL"]
[Date "2021.05.22"]
[Round "1.2"]
[White "Budkiewicz, Magdalena"]
[Black "Golubka, Petro"]
[Result "0-1"]
[WhiteElo "1984"]
[BlackElo "2452"]
[WhiteFideId "-1"]
[BlackFideId "-1"]
[PlyCount "90"]
[GameId "2130307586987785"]
[EventDate "2021.05.22"]
[EventType "swiss"]
[EventRounds "9"]
[EventCountry "POL"]
[SourceTitle "10 Days #652"]
[Source "Chess Mix"]
[SourceDate "2021.06.01"]
[SourceVersion "1"]
[SourceVersionDate "2021.06.01"]
[SourceQuality "1"]

1. e4 c5 2. Nf3 Nc6 3. d4 cxd4 4. Nxd4 e5 5. Nb5 a6 6. Nd6+ Bxd6 7. Qxd6 Qf6 8. Qxf6 Nxf6 9. Bd3 h6 10. c3 d5 11. exd5 Nxd5 12. O-O Be6 13. f4 exf4 14. Bxf4 O-O-O 15. Bc2 Rhe8 16. Na3 Nxf4 17. Rxf4 Ne5 18. Bf5 Rd2 19. Bxe6+ Rxe6 20. Nc4 Nxc4 21. Rxc4+ Kb8 22. b3 f5 23. g4 Ree2 24. gxf5 Rg2+ 25. Kh1 Rxh2+ 26. Kg1 Rdg2+ 27. Kf1 Rg5 28. Re1 Rh1+ 29. Ke2 Rxe1+ 30. Kxe1 Rxf5 31. Rg4 g5 32. Ke2 h5 33. Rg2 Kc7 34. Ke3 g4 35. Ke4 Rf3 36. c4 Kc6 37. Rd2 Rf1 38. Rg2 a5 39. Kd4 b6 40. Ke5 Kc5 41. Ke4 Kb4 42. Kd5 Rf6 43. Ke5 Rg6 44. Kf5 Rg8 45. Kf4 g3 0-1

[Event "Limba Festival"]
[Site "Poronin POL"]
[Date "2021.05.23"]
[Round "2.2"]
[White "Golubka, Petro"]
[Black "Koziorowicz, Michal"]
[Result "1-0"]
[WhiteElo "2452"]
[BlackElo "2168"]
[WhiteFideId "-1"]
[BlackFideId "-1"]
[PlyCount "65"]
[GameId "2130307586987840"]
[EventDate "2021.05.22"]
[EventType "swiss"]
[EventRounds "9"]
[EventCountry "POL"]
[SourceTitle "10 Days #652"]
[Source "Chess Mix"]
[SourceDate "2021.06.01"]
[SourceVersion "1"]
[SourceVersionDate "2021.06.01"]
[SourceQuality "1"]

1. d4 Nf6 2. Nf3 g6 3. c4 Bg7 4. Nc3 d6 5. Bg5 O-O 6. e3 c5 7. Be2 Nc6 8. d5 Ne5 9. Nxe5 dxe5 10. e4 Ne8 11. h4 h5 12. g4 hxg4 13. Bxg4 f5 14. exf5 gxf5 15. Bh5 Nf6 16. Rg1 Qb6 17. Bxf6 Qxf6 18. Qe2 e4 19. O-O-O Qxh4 20. Rg2 Kh8 21. f4 Bh6 22. Kb1 Bd7 23. Bg6 Rf6 24. Rdg1 Be8 25. Bxe8 Rxe8 26. Rh2 Qxf4 27. Qg2 Qg4 28. Qh1 Qf4 29. d6 Qxd6 30. Nd5 Ref8 31. Nxf6 Rxf6 32. Qg2 Rg6 33. Rxh6+ 1-0

[Event "Limba Festival"]
[Site "Poronin POL"]
[Date "2021.05.24"]
[Round "3.1"]
[White "Fiedorek, Michal"]
[Black "Golubka, Petro"]
[Result "1/2-1/2"]
[WhiteElo "2205"]
[BlackElo "2452"]
[WhiteFideId "-1"]
[BlackFideId "-1"]
[PlyCount "30"]
[GameId "2130307586991988"]
[EventDate "2021.05.22"]
[EventType "swiss"]
[EventRounds "9"]
[EventCountry "POL"]
[SourceTitle "10 Days #652"]
[Source "Chess Mix"]
[SourceDate "2021.06.01"]
[SourceVersion "1"]
[SourceVersionDate "2021.06.01"]
[SourceQuality "1"]

1. Nf3 b5 2. e4 Bb7 3. Bxb5 Bxe4 4. O-O c6 5. Ba4 Nf6 6. Re1 e6 7. c4 Bc5 8. Nc3 Bxf3 9. Qxf3 O-O 10. d3 Na6 11. a3 Nc7 12. Bf4 a5 13. Be5 Be7 14. d4 Ra6 15. Bc2 d6 1/2-1/2

[Event "Limba Festival"]
[Site "Poronin POL"]
[Date "2021.05.24"]
[Round "4.4"]
[White "Golubka, Petro"]
[Black "Zima, Teofil"]
[Result "1-0"]
[WhiteElo "2452"]
[BlackElo "1893"]
[WhiteFideId "-1"]
[BlackFideId "-1"]
[PlyCount "109"]
[GameId "2130307586996139"]
[EventDate "2021.05.22"]
[EventType "swiss"]
[EventRounds "9"]
[EventCountry "POL"]
[SourceTitle "10 Days #652"]
[Source "Chess Mix"]
[SourceDate "2021.06.01"]
[SourceVersion "1"]
[SourceVersionDate "2021.06.01"]
[SourceQuality "1"]

1. d4 Nf6 2. Nf3 g6 3. c4 Bg7 4. Nc3 O-O 5. Bg5 d6 6. e3 Nbd7 7. Be2 c6 8. O-O h6 9. Bh4 g5 10. Bg3 Nh5 11. Nd2 Nxg3 12. hxg3 e5 13. dxe5 dxe5 14. Nde4 f5 15. Nd6 Nc5 16. b4 e4 17. bxc5 Bxc3 18. Rb1 b6 19. g4 Ba5 20. Qc2 bxc5 21. Nxf5 Bxf5 22. gxf5 Qe7 23. Qa4 Bc7 24. Qxc6 Qd6 25. Qxd6 Bxd6 26. Rfd1 Bc7 27. Rd5 Bb6 28. a4 Rad8 29. Rb5 Rxd5 30. cxd5 Rxf5 31. a5 Bd8 32. Rxc5 Kf7 33. Bg4 Rf6 34. Be6+ Ke7 35. a6 Kd6 36. Rb5 Bb6 37. Rb4 Rf8 38. Rxe4 Bc5 39. g3 Rb8 40. Kg2 Rb6 41. Bf7 Kd7 42. Re6 Rxe6 43. Bxe6+ Kd6 44. Kf3 Ke5 45. Ke2 Bb4 46. Bf7 Kf6 47. Bh5 Ke5 48. Bf7 Kf6 49. Be6 Ke5 50. f3 Bd6 51. Kd3 Kf6 52. f4 h5 53. Ke4 g4 54. Kd3 Bb4 55. Ke4 1-0

[Event "Limba Festival"]
[Site "Poronin POL"]
[Date "2021.05.25"]
[Round "5.2"]
[White "Lewicki, Miroslaw"]
[Black "Golubka, Petro"]
[Result "0-1"]
[WhiteElo "2348"]
[BlackElo "2452"]
[WhiteFideId "-1"]
[BlackFideId "-1"]
[PlyCount "116"]
[GameId "2130307586996182"]
[EventDate "2021.05.22"]
[EventType "swiss"]
[EventRounds "9"]
[EventCountry "POL"]
[SourceTitle "10 Days #652"]
[Source "Chess Mix"]
[SourceDate "2021.06.01"]
[SourceVersion "1"]
[SourceVersionDate "2021.06.01"]
[SourceQuality "1"]

1. e4 c5 2. Nf3 d6 3. d4 cxd4 4. Nxd4 Nf6 5. Nc3 Nc6 6. Be2 e6 7. O-O Be7 8. Be3 O-O 9. Qd2 a6 10. f4 Bd7 11. Bf3 Rc8 12. Qf2 b5 13. a3 Nxd4 14. Bxd4 Bc6 15. Rad1 Qc7 16. Kh1 Qb7 17. Rfe1 Rfd8 18. e5 dxe5 19. fxe5 Nd5 20. Ne4 Nf4 21. Nf6+ gxf6 22. Bxc6 Qxc6 23. Qxf4 f5 24. Bc3 Rxd1 25. Rxd1 Qe4 26. Qxe4 fxe4 27. Rd4 f5 28. exf6 Bxf6 29. Rxe4 Bxc3 30. bxc3 Rxc3 31. Rxe6 Rxa3 32. h4 b4 33. Kh2 a5 34. Ra6 Ra2 35. Kg3 a4 36. Kg4 a3 37. Ra4 Rxc2 38. Rxb4 a2 39. Rb8+ Kf7 40. Ra8 Rxg2+ 41. Kh5 Rh2 42. Kg5 Ke6 43. h5 Kd5 44. Kh6 Kc4 45. Ra7 Kb3 46. Rb7+ Kc2 47. Rc7+ Kb1 48. Rb7+ Rb2 49. Rg7 Rb5 50. Rg1+ Kb2 51. Rg2+ Ka3 52. Rg1 Rb7 53. Rf1 Ra7 54. Rg1 Kb4 55. Ra1 Kc5 56. Rxa2 Rxa2 57. Kxh7 Kd6 58. h6 Ke7 0-1

[Event "Limba Festival"]
[Site "Poronin POL"]
[Date "2021.05.26"]
[Round "6.1"]
[White "Golubka, Petro"]
[Black "Kosakowski, Jakub"]
[Result "1/2-1/2"]
[WhiteElo "2452"]
[BlackElo "2441"]
[WhiteFideId "-1"]
[BlackFideId "-1"]
[PlyCount "45"]
[GameId "2130307587000326"]
[EventDate "2021.05.22"]
[EventType "swiss"]
[EventRounds "9"]
[EventCountry "POL"]
[SourceTitle "10 Days #652"]
[Source "Chess Mix"]
[SourceDate "2021.06.01"]
[SourceVersion "1"]
[SourceVersionDate "2021.06.01"]
[SourceQuality "1"]

1. Nf3 Nf6 2. g3 g6 3. Bg2 Bg7 4. O-O O-O 5. d4 d6 6. b3 c5 7. Bb2 cxd4 8. Nxd4 d5 9. c4 dxc4 10. Na3 cxb3 11. axb3 Nc6 12. Nxc6 bxc6 13. Nc4 Qxd1 14. Rfxd1 Bg4 15. Rd2 Rad8 16. Rc2 c5 17. h3 Bf5 18. Rcc1 Rb8 19. Ra3 Be6 20. Be5 Rb4 21. Bc3 Rb5 22. Bc6 Rbb8 23. Be5 1/2-1/2

[Event "Limba Festival"]
[Site "Poronin POL"]
[Date "2021.05.26"]
[Round "7.1"]
[White "Psyk, Radoslaw"]
[Black "Golubka, Petro"]
[Result "1/2-1/2"]
[WhiteElo "2387"]
[BlackElo "2452"]
[WhiteFideId "-1"]
[BlackFideId "-1"]
[PlyCount "28"]
[GameId "2130307587000375"]
[EventDate "2021.05.22"]
[EventType "swiss"]
[EventRounds "9"]
[EventCountry "POL"]
[SourceTitle "10 Days #652"]
[Source "Chess Mix"]
[SourceDate "2021.06.01"]
[SourceVersion "1"]
[SourceVersionDate "2021.06.01"]
[SourceQuality "1"]

1. e4 c5 2. c3 e5 3. Nf3 Nc6 4. Bc4 Bd6 5. O-O Nf6 6. d4 cxd4 7. cxd4 O-O 8. Nc3 exd4 9. Nxd4 Be5 10. Be3 d6 11. h3 Na5 12. Bd5 Nxd5 13. Nxd5 Nc4 14. Qd3 Nxe3 1/2-1/2

[Event "Limba Festival"]
[Site "Poronin POL"]
[Date "2021.05.28"]
[Round "9.1"]
[White "Klimkowski, Jan"]
[Black "Golubka, Petro"]
[Result "0-1"]
[WhiteElo "2296"]
[BlackElo "2452"]
[WhiteFideId "-1"]
[BlackFideId "-1"]
[PlyCount "76"]
[GameId "2130307587004521"]
[EventDate "2021.05.22"]
[EventType "swiss"]
[EventRounds "9"]
[EventCountry "POL"]
[SourceTitle "10 Days #652"]
[Source "Chess Mix"]
[SourceDate "2021.06.01"]
[SourceVersion "1"]
[SourceVersionDate "2021.06.01"]
[SourceQuality "1"]

1. e4 Nf6 2. e5 Nd5 3. Nc3 Nb6 4. d4 d6 5. Be3 Nc6 6. e6 fxe6 7. a3 g6 8. h4 e5 9. d5 Nd4 10. Bxd4 exd4 11. Qxd4 Rg8 12. O-O-O Bg7 13. Qe3 c6 14. dxc6 bxc6 15. Nf3 Bg4 16. Ba6 Qd7 17. Ne4 d5 18. Nc5 Qd6 19. c3 Bxf3 20. gxf3 Be5 21. Nd3 Bxc3 22. Qf4 Qxf4+ 23. Nxf4 Bg7 24. Bb7 Bh6 25. Bxc6+ Kf7 26. Bxa8 Bxf4+ 27. Kb1 Rxa8 28. h5 g5 29. Rd4 Ke6 30. Rb4 Kd7 31. Rd1 Kc6 32. Rd3 Nc4 33. a4 a6 34. Rd1 Rf8 35. Ka2 Be5 36. Rd3 g4 37. fxg4 Rxf2 38. Kb1 Bd6 0-1

[Event "UKR-Tch"]
[Site "Lviv UKR"]
[Date "2021.05.09"]
[Round "4.2"]
[White "Dubnevych, Maksym"]
[Black "Golubka, Petro"]
[Result "1/2-1/2"]
[WhiteElo "1692"]
[BlackElo "2452"]
[WhiteFideId "-1"]
[BlackFideId "-1"]
[PlyCount "68"]
[GameId "2130307587382829"]
[EventDate "2021.05.06"]
[EventType "team"]
[EventRounds "7"]
[EventCountry "UKR"]
[SourceTitle "10 Days #651"]
[Source "ChessMix"]
[SourceDate "2021.05.20"]
[SourceVersion "1"]
[SourceVersionDate "2021.05.20"]
[SourceQuality "1"]
[WhiteTeam "Lviv Chess School Debiut - 2"]
[BlackTeam "Bank Lviv Lviv"]

1. e4 Nf6 2. e5 Ng8 3. d4 d6 4. Nf3 Bg4 5. Be2 c6 6. O-O e6 7. Ng5 Bf5 8. g4 Bg6 9. f4 Be7 10. h4 Bxg5 11. hxg5 Ne7 12. Na3 d5 13. c3 Nd7 14. Nc2 Be4 15. Bd3 Bxd3 16. Qxd3 Qb6 17. a4 h5 18. gxh6 gxh6 19. a5 Qb5 20. Qxb5 cxb5 21. a6 O-O-O 22. axb7+ Kxb7 23. Nb4 f5 24. exf6 Nxf6 25. Ra5 Rdg8 26. Rxb5+ Kc8 27. g5 Ne4 28. Na6 Nc6 29. Nc5 hxg5 30. Nxe4 gxf4+ 31. Kf2 Rh2+ 32. Ke1 dxe4 33. Bxf4 Rhg2 34. Rc5 Kb7 1/2-1/2

[Event "UKR-Tch"]
[Site "Lviv UKR"]
[Date "2021.05.10"]
[Round "5.1"]
[White "Golubka, Petro"]
[Black "Baklan, Vladimir"]
[Result "1/2-1/2"]
[WhiteElo "2452"]
[BlackElo "2587"]
[WhiteFideId "-1"]
[BlackFideId "-1"]
[PlyCount "21"]
[GameId "2130307587382833"]
[EventDate "2021.05.06"]
[EventType "team"]
[EventRounds "7"]
[EventCountry "UKR"]
[SourceTitle "10 Days #651"]
[Source "ChessMix"]
[SourceDate "2021.05.20"]
[SourceVersion "1"]
[SourceVersionDate "2021.05.20"]
[SourceQuality "1"]
[WhiteTeam "Bank Lviv Lviv"]
[BlackTeam "Law Academy Kharkiv"]

1. e4 c5 2. Nf3 Nc6 3. d4 cxd4 4. Nxd4 g6 5. Nc3 Bg7 6. Be3 Nf6 7. Bc4 O-O 8. Bb3 d5 9. exd5 Na5 10. Qf3 Bg4 11. Qg3 1/2-1/2

[Event "UKR-Tch"]
[Site "Lviv UKR"]
[Date "2021.05.12"]
[Round "7.2"]
[White "Golubka, Petro"]
[Black "Petrovskyi, Vadym"]
[Result "1/2-1/2"]
[WhiteElo "2452"]
[BlackElo "2150"]
[WhiteFideId "-1"]
[BlackFideId "-1"]
[PlyCount "60"]
[GameId "2130307587382864"]
[EventDate "2021.05.06"]
[EventType "team"]
[EventRounds "7"]
[EventCountry "UKR"]
[SourceTitle "10 Days #651"]
[Source "ChessMix"]
[SourceDate "2021.05.20"]
[SourceVersion "1"]
[SourceVersionDate "2021.05.20"]
[SourceQuality "1"]
[WhiteTeam "Bank Lviv Lviv"]
[BlackTeam "Youth Ukraine - 1"]

1. e4 c5 2. Nf3 d6 3. d4 cxd4 4. Nxd4 Nf6 5. Nc3 a6 6. Bg5 e6 7. f4 Be7 8. Qf3 h6 9. Bh4 Nbd7 10. O-O-O Qc7 11. Bd3 g5 12. fxg5 Ne5 13. Qe2 Nfg4 14. Nf3 Nxf3 15. Qxf3 hxg5 16. Qxg4 Rxh4 17. Qf3 Qc5 18. Rhf1 Rf4 19. Qh5 Qe5 20. g3 Rxf1 21. Rxf1 Bf6 22. Nd1 Bd7 23. c3 Bb5 24. Bxb5+ axb5 25. Qf3 Be7 26. a3 O-O-O 27. Ne3 Rf8 28. Kc2 Qc5 29. Rd1 Qc6 30. Rf1 Bd8 1/2-1/2

[Event "Titled Tuesday 2021.04.27"]
[Site "Chess.com INT"]
[Date "2021.04.27"]
[Round "2"]
[White "Garcia Blanco, Omar"]
[Black "Golubka, Petro"]
[Result "0-1"]
[WhiteElo "2324"]
[BlackElo "2452"]
[WhiteFideId "-1"]
[BlackFideId "-1"]
[PlyCount "58"]
[GameId "1644073408389120"]
[EventDate "2021.04.27"]
[EventType "swiss (blitz)"]
[EventRounds "11"]
[EventCountry "NET"]
[SourceTitle "CBM 202 Extra"]
[Source "ChessBase"]
[SourceDate "2021.07.31"]
[SourceVersion "1"]
[SourceVersionDate "2021.07.31"]
[SourceQuality "1"]

1. e4 c5 2. c3 e5 3. Nf3 Nc6 4. Bc4 Bd6 5. O-O Nf6 6. Re1 O-O 7. d3 Be7 8. Nbd2 d6 9. a4 a6 10. Nf1 h6 11. Ng3 Rb8 12. h3 Kh8 13. Nh2 Na5 14. Ba2 Be6 15. Bxe6 fxe6 16. d4 exd4 17. cxd4 cxd4 18. b4 Nc4 19. Qxd4 b5 20. axb5 axb5 21. Nf3 Ra8 22. Bb2 e5 23. Qc3 Qd7 24. Rad1 Ra2 25. Bc1 Qe6 26. Nd2 Rc8 27. Nxc4 Rxc4 28. Qb3 Ra4 29. Bd2 Qg8 0-1